000 00465nam a2200145 i 4500
001 bg
245 0 _aGornaja enciklopedija :
_bv pjati tomach.
_nT. 3,
_pKengan-Ort /
_cgl. red. E. A. Kozlovskij.
260 _aMoskva :
_b"Sovetskaja Enciklopedija",
_c1987.
300 _a592 s., [16] s. tabl. : i
_bl., fot. w tym kolor., rys., mapy ;
_c27 cm.
040 _cBPK
041 _apol
080 _a622:533](03)
942 _cKS
008 s pl f |000 0 pol
999 _c23952
_d23952
856 _uhttp://koha.tu.koszalin.pl/cgi-bin/koha/opac-detail.pl?biblionumber=23952
_yKatalog online BPK